Suchasna ukraïnsʹka nat︠s︡ionalʹna idei︠a︡ i pytanni︠a︡ derz︠h︡avotvorenni︠a︡ /
Saved in:
| Main Author: | |
|---|---|
| Format: | Book |
| Language: | Ukrainian |
| Published: |
Kyïv :
Vyd-vo "Ukraïna",
1997.
|
| Subjects: | |
| Tags: |
Add Tag
No Tags, Be the first to tag this record!
|
| LEADER | 01339nam a2200301 a 4500 | ||
|---|---|---|---|
| 001 | 007609809-5 | ||
| 005 | 20020606104010.5 | ||
| 008 | 981028s1997 un b 000 0 ukrod | ||
| 010 | |a 98214674 | ||
| 020 | |a 9665240374 | ||
| 035 | 0 | |a ocm39358573 | |
| 040 | |a WAU |c WAU |d DLC | ||
| 042 | |a lccopycat | ||
| 043 | |a e-ur-un | ||
| 050 | 0 | 0 | |a DK508.848 |b .M43 1997 |
| 100 | 1 | |a Medvedchuk, V. V. |q (Viktor Volodymyrovych) | |
| 245 | 1 | 0 | |a Suchasna ukraïnsʹka nat︠s︡ionalʹna idei︠a︡ i pytanni︠a︡ derz︠h︡avotvorenni︠a︡ / |c Viktor Medvedchuk. |
| 246 | 1 | 5 | |a Modern Ukrainian national idea and problems of statehood formation |
| 260 | |a Kyïv : |b Vyd-vo "Ukraïna", |c 1997. | ||
| 300 | |a 168 p. ; |c 21 cm. | ||
| 504 | |a Includes bibliographical references. | ||
| 650 | 0 | |a Nationalism |z Ukraine. | |
| 650 | 0 | |a Nation-state. | |
| 651 | 0 | |a Ukraine |x Politics and government |y 1991- | |
| 776 | 0 | 8 | |i Online version: |a Medvedchuk, V.V. (Viktor Volodymyrovych). |t Suchasna ukraïnsʹka nat͡sionalʹna idei͡a i pytanni͡a derz͡havotvorenni͡a. |d Kyïv : Vyd-vo "Ukraïna", 1997 |w (OCoLC)606373430 |
| 776 | 0 | 8 | |i Online version: |a Medvedchuk, V.V. (Viktor Volodymyrovych). |t Suchasna ukraïnsʹka nat͡sionalʹna idei͡a i pytanni͡a derz͡havotvorenni͡a. |d Kyïv : Vyd-vo "Ukraïna", 1997 |w (OCoLC)607934768 |
| 988 | |a 20020608 | ||
| 906 | |0 OCLC | ||


